Silogismos tridimensionales : (Record no. 193543)
[ view plain ]
| 000 -LEADER | |
|---|---|
| campo de control de longitud fija | 01677nam a2200289 i 4500 |
| 001 - NÚMERO DE CONTROL | |
| campo de control | 193543 |
| 003 - IDENTIFICADOR DE NÚMERO DE CONTROL | |
| campo de control | ES-MaACL |
| 005 - FECHA Y HORA DE LA ÚLTIMA TRANSACCIÓN | |
| campo de control | 20250708203238.0 |
| 008 - DATOS DE LONGITUD FIJA--INFORMACIÓN GENERAL | |
| campo de control de longitud fija | 240105t2023 sp ||||| |||| 00| 0 spa d |
| 020 ## - NÚMERO INTERNACIONAL ESTÁNDAR DEL LIBRO | |
| Número Internacional Estándar del Libro | 9798851988493 |
| 040 ## - FUENTE DE CATALOGACIÓN | |
| Centro catalogador/agencia de origen | ES-MaACL |
| Centro/agencia transcriptor | ES-MaACL |
| 100 ## - ENTRADA PRINCIPAL--NOMBRE DE PERSONA | |
| 9 (RLIN) | 234845 |
| Nombre de persona | Peralta, Luna |
| Término indicativo de función/relación | Autor |
| 245 10 - MENCIÓN DEL TÍTULO | |
| Título | Silogismos tridimensionales : |
| Resto del título | aforismos / |
| Mención de responsabilidad, etc. | Luna Peralta |
| 260 ## - PUBLICACIÓN, DISTRIBUCIÓN, ETC. | |
| Lugar de publicación, distribución, etc. | [S.l.] |
| 264 #1 - PRODUCCIÓN, PUBLICACIÓN, DISTRIBUCIÓN, FABRICACIÓN Y COPYRIGHT | |
| Producción, publicación, distribución, fabricación y copyright | [Lugar no identificado] |
| Nombre del de productor, editor, distribuidor, fabricante | Amazon edition USA |
| Fecha de producción, publicación, distribución, fabricación o copyright | [2023] |
| 264 #4 - PRODUCCIÓN, PUBLICACIÓN, DISTRIBUCIÓN, FABRICACIÓN Y COPYRIGHT | |
| Fecha de producción, publicación, distribución, fabricación o copyright | @ 2023 |
| 300 ## - DESCRIPCIÓN FÍSICA | |
| Extensión | 181 páginas ; |
| Dimensiones | 23 cm |
| 520 ## - RESUMEN, ETC. | |
| Sumario, etc. | Este libro está dedicado a los incansables buscadores de la Verdad. En los tiempos que corren, con la falta de tiempo en la que nos vemos envueltos casi todos, que te resuman algunas claves básicas para la vida es algo que siempre se agradece. Sabemos que solo oirás lo que quieres oír, pero las demás frases te estarán esperando para cuando estés preparado para asimilarlas. Los aforismos aquí pueden ser considerados como píldoras de sabiduría que apaciguan el alma... su autora, como sanitaria que es, solo quiere ser remedio a tus necesidades. "Si saber cura, enseñar es un remedio". |
| 650 #4 - PUNTO DE ACCESO ADICIONAL DE MATERIA--TÉRMINO DE MATERIA | |
| Término de materia o nombre geográfico como elemento de entrada | Prosa española |
| Subdivisión cronológica | S.XXI |
| 9 (RLIN) | 235016 |
| 852 ## - LOCALIZACIÓN | |
| Ubicación | ES-MaACL |
| Sublocalización o colección | R.154897 |
| Ubicación en estantería | Depósito J |
| Número de control de estantería | N-9669 |
| Donativo/Legado | Donación: Luna Peralta |
| Encuadernación | Encuadernación rústica |
| itemnumber | 201165 |
| Anotaciones manuscritas | Dedicatoria autógrafa de la autora |
| 903 ## - NOMBRE PERSONAL DE DONANTE | |
| 9 | 234845 |
| a | Peralta, Luna |
| e | Donante |
| 942 ## - ELEMENTOS DE ENTRADA SECUNDARIOS (KOHA) | |
| Suprimir en OPAC | No |
| Tipo de ítem Koha | Libro impreso |
| Estatus retirado | Estado de pérdida | Fuente del sistema de clasificación o colocación | Estado de daño | No para préstamo | Colección | Biblioteca de origen | Biblioteca actual | Ubicación en estantería | Fecha de adquisición | Fuente de adquisición | Total de préstamos | Signatura topográfica completa | Código de barras | Visto por última vez | Precio de reemplazo | Tipo de ítem Koha |
|---|---|---|---|---|---|---|---|---|---|---|---|---|---|---|---|---|
| Clasificación decimal universal | Libros con dedicatorias | Biblioteca del Ateneo de Madrid | Biblioteca del Ateneo de Madrid | Depósito J | 13/12/2023 | Donación | N-9669 | 101206613 | 02/02/2024 | 02/02/2024 | Libro impreso |
